Ekonomické problémy krajín strednej Európy a Európska únia zborník
Gespeichert in:
| Körperschaften: | , |
|---|---|
| Weitere Verfasser: | , |
| Format: | Buch |
| Sprache: | Slowakisch Tschechisch Englisch |
| Veröffentlicht: |
Bratislava
Vydavateľstvo Ekonóm
2000
|
| Schlagworte: | |
| Tags: |
Keine Tags, Fügen Sie das erste Tag hinzu!
|
MARC
| LEADER | 00000nam a2200000 4500 | ||
|---|---|---|---|
| 001 | c123700 | ||
| 005 | 20250725082302.1 | ||
| 020 | |a 80-225-1334-2 | ||
| 041 | 0 | |a slo | |
| 041 | 0 | |a cze | |
| 041 | 0 | |a eng | |
| 044 | |a SK | ||
| 245 | 1 | 0 | |a Ekonomické problémy krajín strednej Európy a Európska únia |b zborník |c zostavili: Alžbeta Ivaničková, Michaela Strižencová |
| 264 | 1 | |a Bratislava |b Vydavateľstvo Ekonóm |c 2000 | |
| 300 | |a 474 s. | ||
| 610 | 2 | 0 | |a integrácia ekonomická medzinárodná |
| 610 | 2 | 0 | |a transformácia |
| 610 | 2 | 0 | |a Európska únia |
| 610 | 2 | 0 | |a Európske spoločenstvá |
| 610 | 2 | 0 | |a stredná Európa |
| 610 | 2 | 0 | |a trh |
| 610 | 2 | 0 | |a situácia hospodárska |
| 610 | 2 | 0 | |a situácia sociálna |
| 610 | 2 | 0 | |a vzdelávanie |
| 610 | 2 | 0 | |a ekonómovia |
| 610 | 2 | 0 | |a podnikanie drobné |
| 610 | 2 | 0 | |a podnikanie malé |
| 610 | 2 | 0 | |a rozvoj regionálny |
| 610 | 2 | 0 | |a globalizácia |
| 610 | 2 | 0 | |a ruch cestovný |
| 610 | 2 | 0 | |a informatika ekonomická |
| 610 | 2 | 0 | |a technológie informačné |
| 610 | 2 | 0 | |a Slovensko |
| 700 | 1 | |a Ivaničková, Alžbeta | |
| 700 | 1 | |a Strižencová, Michaela | |
| 110 | 2 | |a Ekonomické problémy krajín strednej Európy a Európska únia. Medzinárodná vedecká konferencia | |
| 710 | 2 | |a Výskumný ústav národohospodársky EU v Bratislave | |